00758nam a22001817a 4500008004100000020001800041040005500059080002700114245010400141260007400245300001100319650001300330653001200343700003400355942001300389999001700402952015700419230621b |||||||| |||| 00| 0 eng d a9780905332086 aNational Science LibrarycNational Science Library aR 620.91:65(058.7)bL9 aEnergy for industry and commerce, 1979-80: bMarket review and directory of energy-saving equipment aCambridge: bCambridge Information and Research Services Ltd., c1979 a176p.  aScience  aEnergy  aBuckley, Andrew Robert (Ed.) 2udccREF c45990d45990 00102udc406R_62091650587_L970969844aNSLbNSLcGF/Rk-14/C-24/R-4d1980-06-17l0oR 620.91:65(058.7) L9p90385r2023-06-21 00:00:00w1980-06-17yREF